Algo de crítica (Registro nro. 301134)

Detalles MARC
000 -ENCABEZADO
Número de control [NR] 01655nam a22002297a 4500
005 - FECHA Y HORA DE LA ÚLTIMA TRANSACCIÓN
control field 20150907140222.0
008 - DE LONGITUD FIJA DE DATOS DE ELEMENTOS - INFORMACIÓN GENERAL
Elementos de longitud fija [NR] 150907s1919 ck ||||fr|||| 00| 0 spa d
040 ## - FUENTE DE CATALOGACION [NR]
Quien Cataloga Sandra Yazo
Quien Clasifica Sandra Yazo
041 0# - CODIGO DE IDIOMA [R]
Código de idioma para texto/pista de sonido o título separado [R] Español
082 ## - NUMERO DE CLASIFICACION DECIMAL DEWEY [R]
Número de la edición [NR] 20
Número de clasificación [R] 801.95
092 ## - SIGNATURA TOPOGRAFICA LOCAL
Número de clasificación local E36N055
100 1# - ASIENTO PRINCIPAL--NOMBRE PERSONAL [NR]
ID Autoridad 71279
Nombre personal [NR] Vega, Fernando de la
Fechas asociadas con el nombre [NR] 1892-
245 10 - MENCION DE TITULO [NR]
Título [NR] Algo de crítica
Mención de responsabilidad, etc. [NR] Fernando de la Vega ; con prólogo de Enrique José Varona
260 ## - PUBLICACION, DISTRIBUCION, ETC. (PIE DE IMPRENTA) [R]
Lugar de publicación, distribución, etc. [R] Bogotá (Cundinamarca)
Nombre del editor, distribuidor, etc. [R] Casa editorial de Arboleda & Valencia
Fecha de publicación, distribución, etc. [R] 1919
300 ## - DESCRIPCION FISICA [R]
Extensión [R] xii, 242 páginas
Dimensiones [R] 18 x 13 cm.
500 ## - NOTA GENERAL [R]
Nota general [NR] Detalles físicos: Encuadernación flexible en cartulina. Lomo y tapa delantera con datos de publicación impresos en una orla decorativa sencilla. Anteportada con una anotación manuscrita. Retrato del autor. Portada impresa en una sola tinta. Texto en una columna. Varias páginas a un sin refilar. Bordes de hojas rasgados. Papel con manchas de humedad. Ej.2 Notorio deterioro en bordes de hojas y lomo desprendido.
505 0# - NOTA DE CONTENIDO CON FORMATO PREESTABLECIDO [R]
Nota de contenido con formato preestablecido [NR] Prologo ; Homenaje a Galdós, Electra ; La decadencia en el teatro español ; Un nuevo académico ; Canalejas ; José Tallaví ; Echegaray ; El padre Coloma ; Núñez, poeta ; Darío ; Teatro nacional – Como los muertos ; Notas marginales ; Gómez Restrepo (Breves apuntes) ; La estatua de Caro ; Pérez Triana ; Un precursor – A Enrique José Varona – En la habana ; Rodó ; Poesías de Rafael Pombo ; Un cuaderno de Versos ; Rivas Groot, novelista ; Don Pedro de Heredia (Discurso) ; Mirada a Santa Teresa
506 ## - NOTA DE RESTRICCIONES DE ACCESO [R]
Condiciones de acceso [NR] Consulta en sala
650 #7 - ASIENTO SECUNDARIO DE MATERIA - TERMINO TEMATICO [R]
9 (RLIN) 12204
Término temático o nombre geográfico como elemento de entrada [NR] Crítica literaria
690 ## - ASUNTO AGREGADO LOCAL DE ENTRADA - TÉRMINO TEMÁTICO (OCLC, RLIN)
9 (RLIN) 42859
Acceso temático local Literatura
942 ## - ELEMENTOS DE ENTRADA AGREGADOS (KOHA)
Sistema de clasificación LOCAL
Tipo de ítem principal el descrito en 300a Libro
Edición 1
Clasificación E36N055
Existencias
Suprimido Perdido Sistema de clasificación Dañado No prestable Tipo de ítem específico Ubicación habitual Ubicación actual Localización Fecha de creación Forma de adquisición Costo Total préstamos Signatura topográfica Código de barras Última vez visto Ejemplar Price effective from Tipo de ítem
    LOCAL     Libro archivo Archivo Histórico Archivo Histórico Archivo histórico 07/09/2015 Donación 0.00   E37N055 L005140 07/09/2015 Ej.1 07/09/2015 Libro
    LOCAL     Libro archivo Archivo Histórico Archivo Histórico Archivo histórico 07/09/2015 Donación 0.00   E37N055 L005141 07/09/2015 Ej.2 07/09/2015 Libro